000 02217nam0a2200373 4500
001 RU\NLR\bibl\1473624
005 20260407124834.0
010 _a978-5-902223-09-2
_91000
021 _aRU
_b2009-2718и
_9164и
035 _a(NLR Aleph) 001465301
090 _a1609200
_c1609200
100 _a20100215d2009 |||y0rusy50 ca
101 0 _arus
_aeng
102 _aRU
105 _aa |||||||||
200 1 _aНиколай Ротанов. Живопись. Графика
_dNikolai Rotanov. Paintings. Works on paper
_eиз собрания семьи и частных коллекций
_e[каталог выставки
_fсост.: А.Е. Абрамова, В.А. Шпенглер
_gавт. ст.: А.Е. Абрамова]
_zeng
210 _aМосква
_cРОСТ Медиа
_d2009
215 _a90 с.
_cцв. ил.
_d28
300 _aВ надзаг.: М-во культуры Рос. Федерации, Гос. Третьяковская галерея, Регион. обществ. фонд поддержки и культуры "Старые годы"
300 _aТекст парал. на рус. и англ. яз.
510 1 _aNikolai Rotanov. Paintings. Works on paper
_zeng
600 1 _aРотанов
_bН.М.
_f1940
_gНиколай Михайлович
_jКаталоги
_xВыставки
_yМосква, город
_z2009
_92604203
_3RU\NLR\auth\661540761
601 0 2 _aГосударственная Третьяковская галерея
_cМосква, город
_jКаталоги
_xВыставки
_z2009
_92553373
_3RU\NLR\auth\661510779
686 _aЩ143(2Р=Рус)7-8Ротанов
686 _aЩ153(2Р=Рус)7-8Ротанов
686 _aЩ101.3(2Р)-2Москва2Третьяковская галерея
702 1 _4220
_8rus
_7ca
_aАбрамова
_bА. Е.
_cискусствовед
_3RU\NLR\AUTH\7792261
_975188
702 1 _aРотанов
_bН.
_f1940-
_gНиколай
_4570
712 0 2 _4570
_aГосударственная Третьяковская галерея
_cМосква
_3RU\NLR\AUTH\889967893
_9432136
801 0 _aRU
_bNLR
_c20100215
_gRCR
801 1 _aRU
_bNLR
_c20100215
942 _cBOOK
980 _aNB